00395nam a2200121Ia 4500008004100000024004400041082002100085100005000106245003300156260002500189600002100214650003800235250506s9999 xx 000 0 und d a13B-059-BS, 13B-014-BS & 13B-010-BS a647.95068072 KAM aAdam Kamani, Asher Saif Ahmed & Shahrukh Moin 0aRestaurant Management System aKarachi:bUIT,c2013 aComputer Science aBachelor of Computer Science (BS)